| 000 | 00709nas a2200241 i 4500 | ||
|---|---|---|---|
| 001 | 977 | ||
| 003 | ES-MaACL | ||
| 005 | 20250724062538.0 | ||
| 007 | t| | ||
| 008 | 950801d18761900gw m| | 1 ||er d | ||
| 080 | _a(430) | ||
| 080 | _a008 | ||
| 245 | 0 | 0 |
_aDeutsche revue über das gesammte nationale leben der gegenwart / _cdir. Richard Fleischer. |
| 260 |
_aBerlin : _bOtto Janke, _c1876-1900. |
||
| 300 |
_a5 v. ; _c26 cm. |
||
| 310 | _aMensual | ||
| 362 | 0 | _aAño I (1876)-(1900) | |
| 650 | 7 |
_aCultura _2embne _9170963 |
|
| 700 | 1 |
_aFleischer, Richard, _edir. _9227571 |
|
| 852 |
_aES-MaACL _jHEM-D-120 _xHem-1317 _d |
||
| 866 | 0 | _o(1879f.ene.-sep.)(1880f.oct.-dic.)(1881). | |
| 999 |
_c977 _d977 |
||